| 000 | 00911nam a2200217 4500 | ||
|---|---|---|---|
| 001 | 174910 | ||
| 003 | ES-MaACL | ||
| 005 | 20250519172152.0 | ||
| 008 | 100629r19051777fr hp |||| | fre d | ||
| 080 | _a782.1 | ||
| 100 | 1 |
_aQuinault, Philippe. _9138978 |
|
| 245 | 1 | 0 |
_aArmide _b: tragédie lyrique en cinq actes et huit tableaux / _cpoème de Quinault ; musique de Gluck ... et reprise a l'Académie Nationale de Musique, en avril 1905. |
| 260 |
_aParis : _bJules Rueff, _c1905. |
||
| 300 |
_a78 p. : _bil., grab. ; _c26 cm. |
||
| 534 |
_pReimpresión facsímil de la ed. de: _cParis : Imp. P. de Lormel, 1777. |
||
| 594 | _aEn antep.: Académie Nationale de Musique et de Danse. | ||
| 650 | 4 |
_aÓperas- _vLibretos. _9137584 |
|
| 700 | 1 |
_aGluck, Christoph Willibald, _d1714-1787 _9240528 |
|
| 852 | 4 |
_aES-MaACL _j2279-F-14 _z. - Biblioteca Jacinto Martínez Lacalle |
|
| 999 |
_c174910 _d174910 |
||